Constitutional and administrative law / (Record no. 22007)
[ view plain ]
| 000 -LEADER | |
|---|---|
| fixed length control field | 02174cam a22003015a 4500 |
| 001 - CONTROL NUMBER | |
| control field | 16267368 |
| 005 - DATE AND TIME OF LATEST TRANSACTION | |
| control field | 20160721151803.0 |
| 008 - FIXED-LENGTH DATA ELEMENTS--GENERAL INFORMATION | |
| fixed length control field | 100604s2011 enk frb 001 0 eng d |
| 010 ## - LIBRARY OF CONGRESS CONTROL NUMBER | |
| LC control number | 2010023415 |
| 020 ## - INTERNATIONAL STANDARD BOOK NUMBER | |
| International Standard Book Number | 9781405873505 |
| 040 ## - CATALOGING SOURCE | |
| Original cataloging agency | DLC |
| Language of cataloging | eng |
| Transcribing agency | DLC |
| Modifying agency | DLC |
| -- | EG-ScBUE |
| 043 ## - GEOGRAPHIC AREA CODE | |
| Geographic area code | e-uk--- |
| 082 04 - DEWEY DECIMAL CLASSIFICATION NUMBER | |
| Classification number | 342.41 |
| Item number | BRA |
| Edition number | 22 |
| 100 1# - MAIN ENTRY--PERSONAL NAME | |
| Personal name | Bradley, A. W. |
| Fuller form of name | (Anthony Wilfred) |
| 9 (RLIN) | 40395 |
| 245 10 - TITLE STATEMENT | |
| Title | Constitutional and administrative law / |
| Statement of responsibility, etc | A. W. Bradley, K. D. Ewing. |
| 250 ## - EDITION STATEMENT | |
| Edition statement | 15th ed. |
| 260 ## - PUBLICATION, DISTRIBUTION, ETC. (IMPRINT) | |
| Place of publication, distribution, etc | Harlow : |
| -- | New York : |
| Name of publisher, distributor, etc | Longman / Pearson Education, |
| Date of publication, distribution, etc | 2011. |
| 300 ## - PHYSICAL DESCRIPTION | |
| Extent | lxxv, 804 p. ; |
| Dimensions | 25 cm. |
| 500 ## - GENERAL NOTE | |
| General note | Index : p. 771-804. |
| 504 ## - BIBLIOGRAPHY, ETC. NOTE | |
| Bibliography, etc | Bibliography : p. [761]-770. |
| 505 0# - FORMATTED CONTENTS NOTE | |
| Formatted contents note | Definition and scope of constitutional law -- Sources and nature of the constitution -- The structure of the United Kingdom -- Parliamentary supremacy -- The relationship between legislature, executive and judiciary -- The rule of law -- Responsible and accountable government -- The United Kingdom and the European Union -- Composition and meeting of parliament -- Functions of parliament -- Privileges of parliament -- The Crown and the royal prerogative -- The cabinet, government departments and the civil service -- Public bodies and regulatory agencies -- Foreign affairs and the commonwealth -- The armed forces -- The treasury, public expenditure and the economy -- The courts and the machinery of justice -- The nature and protection of human rights -- Nationality, immigration and extradition -- The police and personal liberty -- The protection of privacy -- Freedom of expression -- Freedom of association and assembly -- State security and official secrets -- Emergency powers and terrorism -- Administrative law - an introduction -- Delegated legislation -- Administrative justice -- Judicial review of administrative action, I -- Judicial review of administrative action, II -- Liability of public authorities and the Crown. |
| 650 #0 - SUBJECT ADDED ENTRY--TOPICAL TERM | |
| Topical term or geographic name as entry element | Constitutional law |
| Geographic subdivision | Great Britain. |
| Source of heading or term | BUEsh |
| 650 #0 - SUBJECT ADDED ENTRY--TOPICAL TERM | |
| Topical term or geographic name as entry element | Administrative law |
| Geographic subdivision | Great Britain. |
| Source of heading or term | BUEsh |
| 651 ## - SUBJECT ADDED ENTRY--GEOGRAPHIC NAME | |
| Source of heading or term | BUEsh |
| 653 ## - INDEX TERM--UNCONTROLLED | |
| Resource For college | Law |
| Arrived date list | July2016 |
| 700 1# - ADDED ENTRY--PERSONAL NAME | |
| Personal name | Ewing, K. D. |
| Fuller form of name | (Keith D.) |
| 9 (RLIN) | 40398 |
| 942 ## - ADDED ENTRY ELEMENTS (KOHA) | |
| Source of classification or shelving scheme | Dewey Decimal Classification |
| Withdrawn status | Item status | Source of classification or shelving scheme | Damaged status | Not for loan | Vendor | Home library | Current library | Shelving location | Date acquired | Source of acquisition | Cost, normal purchase price | Serial Enumeration / chronology | Total Checkouts | Total Renewals | Full call number | Barcode | Date last seen | Date last borrowed | Cost, replacement price | Koha item type |
|---|---|---|---|---|---|---|---|---|---|---|---|---|---|---|---|---|---|---|---|---|
| Dewey Decimal Classification | Baccah | Central Library | Central Library | First floor | 21/07/2016 | Purchase | 394.00 | 26080 | 6 | 16 | 342.41 BRA | 000032918 | 17/12/2025 | 07/12/2025 | 492.50 | Book - Borrowing |